Niveles de pobreza en Panamá: algo de historia y metodología /
Spremljeno u:
| Glavni autor: | |
|---|---|
| Format: | Tekst |
| Teme: | |
| Oznake: |
Dodaj oznaku
Bez oznaka, Budi prvi tko označuje ovaj zapis!
|
MARC
| LEADER | 00000 a a2200000 04500 | ||
|---|---|---|---|
| 001 | 18493 | ||
| 003 | |||
| 040 | |||
| 100 | |a Cruz, Rosa Elena de la | ||
| 245 | |a Niveles de pobreza en Panamá: |b algo de historia y metodología / |c Rosa Elena de la Cruz | ||
| 650 | |a POBREZA | ||
| 650 | |a NECESIDADES BASICAS | ||
| 650 | |a BAJOS INGRESOS | ||
| 650 | |a CONSUMO | ||
| 650 | |a DESIGUALDAD ECONOMICA | ||
| 650 | |a METODOS DE INVESTIGACION | ||
| 650 | |a POBREZA | ||
| 650 | |a DESIGUALDAD ECONOMICA | ||
| 650 | |a DISTRIBUCION GEOGRAFICA | ||
| 773 | |g número 99; páginas 129141 | ||
| 999 | |c 22961 |d 22961 | ||
